000 01816cam a22005054i 4500
003 PE-LiUPU
005 20250731165640.0
008 150616s r 000 0 d
020 _a8876531327
035 _a(Sirsi) i9788876531323
040 _aPE-LiUPU
_bspa
_cPE-LiUPU
_erda
049 _aPRUA
082 0 4 _a221.008
_bAB
_221
100 1 _aDumoulin, Pierre,
_eautor.
245 1 0 _aEntre La Manne Et L'eucharistie.
_n132.
264 1 _aRoma :
_bEditrice Pontificio Istituto Biblico,
_c1994.
300 _a240 páginas ;
_c23 centímetros
336 _atext
_2rdacontent
337 _aunmediated
_2rdamedia
338 _avolume
_2rdacarrier
490 0 _aAnalecta Bíblica ;
_v132
505 0 _aTexte et contexte de Sg.16,15-17, la -- Les traditions sur la manne et la manne en Sg 16,15-17, la -- Utilisation et interpretation de Sg 16,20-17,la. Santiago.
526 _aSEG44
526 _aSEG26
526 _aP151
526 _aP150
526 _aP149
526 _aP146
526 _aP145
526 _aP126
526 _aP125
526 _aP92
526 _aP75
526 _aP74
526 _aP27
526 _aP15
650 0 4 _aEUCARISTIA - SACRAMENTO.
910 _ajck
_bjvq
_cjck
942 _2ddc
_cBOOK
949 _aRC 221.008 AB 132
_wDEWEY
_c1
_i40496
_lCCODEBUL1
_mBUL
_r0
_sY
_tBOOK
_u2015-6-16
_xTEOLOGIA
_zUNKNOWN
_0COMPRA
_o.CIRCNOTE. No olvidar cambiar la fecha de devolución!!!!!!!
_o.STAFF. Colección General
994 _aC0
_bPEPRU
596 _a1
999 _aRC 221.008 AB 132
_wDEWEY
_c58288
_i40496
_f2021-11-8
_g6
_lCCODEBUL1
_mBUL
_r1
_sY
_tBOOK
_u2015-6-16
_xTEOLOGIA
_zUNKNOWN
_0COMPRA
_o.CIRCNOTE. No olvidar cambiar la fecha de devolución!!!!!!!
_o.STAFF. Colección General
_d58288
980 _81
_gALBERTO SANCHEZ Responsable de Automatización